| 000 | 01863nam a2200421 i 4500 | ||
|---|---|---|---|
| 001 | DIGIBE1475 | ||
| 003 | NyNyDIG | ||
| 007 | cr ||||||||||| | ||
| 008 | 240808s2024 sp a ob 001 0 spa d | ||
| 006 | m o d | ||
| 035 | _a(OCoLC)1441724670 | ||
| 040 |
_aDGITA _beng _erda _epn _cDGITA |
||
| 020 |
_a9783968695907 _qeBook |
||
| 020 |
_z9788491924388 _qIberoamericana |
||
| 020 |
_z9783968695891 _qVervuert |
||
| 050 | 1 | 4 | _aPQ6437.V2 ebook |
| 100 | 1 |
_aZulaica López, Martín, _eauthor. |
|
| 245 | 1 | 3 |
_aEl largo intervalo : _bhistoria de la recepción de "El Bernardo" de Balbuena (1624-1832) / _cMartín Zulaica López. |
| 264 | 1 |
_aMadrid : _bIberoamericana ; _aFrankfurt am Main : _bVervuert, _c2024. |
|
| 300 |
_a1 online resource : _billustrations. |
||
| 336 |
_atext _btxt _2rdacontent |
||
| 337 |
_acomputer _bc _2rdamedia |
||
| 338 |
_aonline resource _bcr _2rdacarrier |
||
| 347 |
_atext file _2rdaft |
||
| 347 | _bPDF | ||
| 490 | 1 |
_aClásicos hispánicos. Nueva época ; _vno. 35 |
|
| 504 | _aIncludes bibliographical references and index. | ||
| 588 | 0 | _aOnline resource; title from PDF title page (Digitalia, viewed August 8, 2024) | |
| 600 | 1 | 0 |
_aBalbuena, Bernardo de, _d-1627. _tBernardo. |
| 650 | 0 |
_aEpic poetry, Spanish _xHistory and criticism. |
|
| 791 | 2 |
_aDigitalia (Firm), _edistributor. |
|
| 793 | 0 |
_gDigitalia eBook Collection: _aIberoamericana/Vervuert |
|
| 776 | 0 | 8 |
_iPrint version: _aZulaica López, Martín. _tLargo intervalo. _dMadrid : Iberoamericana ; Frankfurt am Main : Vervuert, [2024] _z9788491924388 |
| 830 | 0 |
_aClásicos hispánicos (Instituto de Lengua, Literatura, y Antropología (Consejo Superior de Investigaciones Científicas (Spain))) ; _vnueva época, no. 35. |
|
| 856 | 4 | 0 |
_3Digitalia Hispánica _uhttps://www.digitaliapublishing.com/a/158202/ |
| 910 | _aPremium collection: 2024 | ||
| 942 | _cRAA | ||
| 999 |
_c287444 _d287444 |
||